000 00203nam a2200085Ia 4500
008 120527s9999 xx 000 0 und d
100 _aWilson T. Hugh
245 _aDrugs, society and behaviour
942 _cBK
999 _c27476
_d27476